000 00825nam a2200241 i 4500
001 18845
003 ES-MaACL
005 20250823063030.0
007 t|
008 020321s1998 sp af |||| | spa j
020 _a84-239-7766-8
080 _a32(460)"1975/..."
100 1 _aGutiérrez Suárez, José Luis
_961063
245 1 0 _aVeinte años no es nada
_b: textos y pretextos de dos décadas de democracia (1977-1997) /
_cJosé Luis Gutiérrez ; prólogo de Luis María Ansón.
260 _aMadrid :
_bEspasa-Calpe,
_c1998.
300 _a341 p., [16] p. de lám ;
_c22 cm.
490 1 _aEspasa hoy
651 4 _aEspaña-
_xPolítica y gobierno-
_y1975-1982.
_98447
700 0 _aAnsón, Luis María,
_d1935-
_921849
830 0 _aEspasa hoy
_9179010
852 _aES-MaACL
_jG-4690
999 _c18845
_d18845